00322nam a22001097a 4500008004100000020001500041050001900056100002400075245004700099260003100146300003500177231208b |||||||| |||| 00| 0 eng d a9982300652 aDT 8753.K4 Mwa aMwanakatwe, John M. aEnd of Kaunda erab/ by John M. Mwanakatwe aLusaka :bMultimediac1994 aiii, 302 pages : illustrations